000 02639nam a2200337Ia 4500
001 9780203436011
003 BD-DhSAU
005 20151012151721.0
006 m|||||o||d||||||||
007 cr||||
008 130812s2014 enk ob 001 0 eng d
020 _a9780203436011 (e-book : PDF)
040 _aBD-DhSAU
_cBD-DhSAU
090 _aHM1221
_b.G46 2014
092 _a659.2
_bG325
245 0 0 _aGender and public relations
_h[electronic resource] :
_bcritical perspectives on voice, image and identity /
_cedited by Christine Daymon and Kristin Demetrious.
260 _aLondon ;
_aNew York :
_bRoutledge,
_c2014.
300 _axv, 277 p.
490 0 _aRoutledge new directions in public relations and communication research
504 _aIncludes bibliographical references and index.
505 0 _a1. Surface effects : public relations and the politics of gender / Kristin Demetrious -- 2. Caring about public relations and the gendered cultural intermediary role / Anne Surma and Christine Daymon -- 3. Interrogating inequalities perpetuated in a feminized field : using critical race theory and the intersectionality lens to render visible that which should not be disaggregated / Donnalyn Pompper -- 4. Gendered performance and identity work in PR consulting relationships : a UK perspective / Liz Yeomans -- 5. Mothers, bodies, and breasts: organizing strategies and tactics in women's activism / C. Kay Weaver -- 6. Celebrity, gender and reputation management at the BBC / Jane Arthurs -- 7. Campaigning for 'women, peace and security' : transnational advocacy networks at the United Nations Security Council / Ian Somerville and Sahla Aroussi -- 8. Gender, culture and power : competing discourses on the Philippine reproductive health bill / Marianne D. Sison -- 9. 'I want to voice out my opinion' : bringing migrant women into union work / Maree Keating -- 10. 'Mammography at age 40 to 49 saves lives; just not enough of them' : gendered political intersections in communicating breast cancer screening policy to publics / Jennifer Vardeman-Winter, Hua Jiang and Natalie Tindall -- 11. Ex-journos and promo girls : feminization and professionalization in the Australian public relations industry / Kate Fitch and Amanda Third.
530 _aAlso available in print edition.
538 _aMode of access: World Wide Web.
650 0 _aPublic relations.
650 0 _aSex role.
655 7 _aElectronic books.
_2lcsh
700 1 _aDaymon, Christine.
700 1 _aDemetrious, Kristin,
_d1958-
776 1 _z9780415505550 (hardback)
856 4 0 _uhttp://www.tandfebooks.com/isbn/9780203436011
999 _c12780
_d12779